000
00221nam a22000857a 4500
008
170116b xxu||||| |||| 00| 0 eng d
100
_9
2421
_a
Sudhakar.S.et al
245
_a
Living in Harmony-2
260
_a
New Delhi
_b
Oxford
_c
2010
999
_c
5460
_d
5460